Communes de la métropole de Lyon - Statistiques

Statistiques générales
  • Ce quiz a été pris 480 fois
  • Le résultat moyen est 20 sur 59
Statistiques - réponses
Hint Réponse % Correct
69199 Villeurbanne
87%
69191 Vénissieux
83%
69091 Lyon
74%
69029 Bron
73%
69168 Vaulx-en-Velin
66%
69256 Saint-Priest
65%
69142 Oullins
64%
69207 Décines-Charpieu
63%
69034 Caluire-et-Cuire
61%
69292 Meyzieu
57%
69163 Tassin-la-Demi-Lune
55%
69071 Ecully
52%
69244 Rillieux-la-Pape
48%
69283 Saint-Fons
46%
69143 Saint-Genis-Laval
45%
69290 Feyzin
44%
69284 Sainte-Foy-lès-Lyons
44%
69085 Givors
42%
69246 Francheville
41%
69069 Dardilly
39%
69127 Saint-Cyr-au-Mont-d'Or
38%
69100 La Mulatière
37%
69273 Craponne
36%
69250 Pierre-Bénite
36%
69040 Champagne-au-Mont-d'Or
35%
69282 Saint-Didier-au-Mont-d'Or
35%
69089 Limonest
34%
69204 Chassieu
33%
69279 Neuville-sur-Saône
31%
69205 Corbas
30%
69271 Collonges-au-Mont-d'Or
29%
69293 Mions
28%
69202 Jonage
27%
69088 Irigny
26%
69087 Grigny
25%
69152 Saint-Germain-au-Mont-d'Or
24%
69259 Sathonay-Camp
23%
69096 Marcy-l'Etoile
22%
69044 Charbonnières-les-Bains
21%
69063 Couzon-au-Mont-d'Or
20%
69081 Fontaines-sur-Saône
20%
69033 Cailloux-sur-Fontaines
19%
69260 Sathonay-Village
19%
69194 Vernaison
19%
69266 Solaize
18%
69003 Albigny-sur-Saône
17%
69286 La Tour-de-Salvagny
17%
69153 Saint-Romain-au-Mont-d'Or
17%
69046 Charly
16%
69233 Genay
16%
69149 Saint-Genis-les-Ollières
15%
69116 Poleymieux-au-Mont-d'Or
13%
69117 Quincieux
13%
69068 Curis-au-Mont-d'Or
12%
69278 Lissieu
12%
69123 Rochetaillée-sur-Saône
11%
69296 Montanay
10%
69072 Fleurieu-sur-Saône
9%
69275 Fontaines-Saint-Martin
9%
Aucun quiz correspondant
Distribution des résultats
% des personnes avec chaque résultat
Percentile par nombre de réponses
Votre historique - résultats
Vous n’avez pas pris ce quiz